00281nam a2200109Ia 4500008004000000020001800040082001300058100002000071245002500091260004700116300000800163210210b1982 xxu||||| |||| 00| 0 eng d a0 19 520371 2 a306 LEAS aLEACH (Edmund). aSocial anthropology. aNew York.bOxford University Press.,c1982 a254